000 00534nam a22002057a 4500
003 koha_MIRAKIL
005 20231213100047.0
008 231213b |||||||| |||| 00| 0 ||| d
020 _b978-9-75070120-7
040 _aTR-IsEVY
_btur
_cTR-IsEVY
082 _aFIC TOL/K
100 _aTolstoy, Lev.
245 0 _aKüçük şeytan
250 _a7. bs.
260 _bCan Çocuk Yayınları,
_c2015
300 _a96 s.
650 _aChildren's literature -- Tales.
650 _aÇocuk edebiyatı -- Masallar.
942 _2ddc
_cBK
999 _c13869
_d13869